000 00503cam a22001694a 4500
005 20250605164209.0
008 250528s ||||||||||||||||||||||||d
035 _a20181
040 _aGR-AtMCL
_bgre
_dGR-AtMCL
_eAACR2
245 1 _aΒασικαί Αρχαί της Οικονομικής Επιστήμης
300 _a88
700 1 _aΑθανασόπουλος Χρήστος Γ
_95261
700 1 _aΧαλικιά Διονυσίου Ν
_96229
942 _cBK
999 _c5318
_d5318